| 000 | 00999 a2200277 4500 | ||
|---|---|---|---|
| 003 | Nust | ||
| 005 | 20170207154053.0 | ||
| 010 | _a 2009005125 | ||
| 020 | _a0816077711 (hardcover : alk. paper) | ||
| 020 | _a9780816077717 (hardcover : alk. paper) | ||
| 035 | _a(OCoLC)ocn301948963 | ||
| 040 | _cNust | ||
| 082 | 0 | 0 | _a658.4/022 |
| 245 | 0 | 0 | _aTeamwork skills(E-BOOK) |
| 250 | _a3rd ed. | ||
| 260 |
_aNew York : _bFerguson, _cc2009. |
||
| 300 |
_a169 p. ; _c24 cm. |
||
| 490 | 1 | _aFerguson career skills library | |
| 505 | 0 | _aThe corporate dream team -- Become people smart -- Understanding team culture -- World cup teams -- Team conflicts and other concerns -- Team goal setting and negotiating -- Avoid team-killing behaviors. | |
| 520 | _aA guide to developing teamwork skills, particularly in the workplace. | ||
| 650 | 0 | _aTeams in the workplace | |
| 650 | 0 | _aTeams in the workplace. | |
| 650 | 0 | _aVocational guidance. | |
| 651 | _aE-BOOK | ||
| 830 | 0 | _aCareer skills library (2nd ed.) | |
| 942 |
_2ddc _cBK |
||
| 999 |
_c193197 _d193197 |
||